• 首页
  • 本馆介绍
  • 公告通知
  • 最新文献
  • 馆藏检索
  • 电子资源
  • 读者导购
  • 参考咨询
  • 我的图书馆
  • 登录
  • 详细信息显示
  • 放入我的书架
  • 预约/预借图书
  • 作者相关作品
  • 分类相关作品
  • 丛书相关作品
  • 出版社相关作品

书目信息

  • 表格格式
  • 工作单格式
  • 卡片格式
题名:
实分析与泛函分析引论
    
 
作者: 李国祯 主编
分册:  
出版信息: 北京   科学出版社  2004
页数: 331页
开本: 21cm
丛书名:
单 册:
中图分类: O174.1 , O177
科图分类:
主题词: 实变函数 , 泛函分析
电子资源:
ISBN: 7-03-014561-5
000 00874nam0 2200265 450
001 002972556
005 20070805103058.18
010    @a7-03-014561-5@dCNY18.00
035    @a002972556
100    @a20050720e20062004em y0chiy0110 ea
101 0  @achi
102    @aCN@b110000
105    @ay z 000yy
106    @ar
200 1  @a实分析与泛函分析引论@Ashi fen xi yu fan han fen xi yin lun@f李国祯主编@Fli guo zhen zhu bian
210    @a北京@c科学出版社@d2004@h2006重印
215    @a331页@d21cm
330    @a本书共九章,分为两大部分,前四章为实变函数部分,介绍了Lebesgue测度和积分论的核心内容;后五章为线性泛函分析部分,主要介绍了三大空间及其上的有界线性算子的基础理论等。
606 0  @a实变函数
606 0  @a泛函分析
690    @aO174.1@v4
690    @aO177@v4
701  0 @a李国祯@Ali guo zhen@c(数学)@4主编
801  0 @aCN@bNLC@c20070805
905    @dO174.1@e197@f4
    
    实分析与泛函分析引论/李国祯主编.-北京:科学出版社,2004(2006重印)
    331页;21cm
    
    
    ISBN 7-03-014561-5:CNY18.00
    本书共九章,分为两大部分,前四章为实变函数部分,介绍了Lebesgue测度和积分论的核心内容;后五章为线性泛函分析部分,主要介绍了三大空间及其上的有界线性算子的基础理论等。
●
相关链接 在E读中查询图书 在五车中查询图书 在当当中查询图书 在豆瓣中查询图书


正题名:实分析与泛函分析引论     索取号:O174.1/197         预约/预借

序号 登录号 条形码 馆藏地/架位号 状态 备注
1 0851264   208512643   第二样本阅览室/ [索取号:O174.1/197] 在馆    
2 0851265   208512652   第三借阅区/ [索取号:O174.1/197] 在馆    
3 0851266   208512661   第三借阅区/ [索取号:O174.1/197] 在馆    
4 0851267   208512670   第三借阅区/ [索取号:O174.1/197] 在馆    
唐山师范学院图书馆 欢迎您!
大连网信软件有限公司© 版权所有